Focus (Record no. 83042)

MARC details
000 -LEADER
fixed length control field 00812cab a22002175a 4500
001 - CONTROL NUMBER
control field L152632
008 - FIXED-LENGTH DATA ELEMENTS--GENERAL INFORMATION
fixed length control field 110406e20110402xxk 000 0 eng d
035 ## - SYSTEM CONTROL NUMBER
System control number (Sirsi) u152632
041 0# - LANGUAGE CODE
Language code of text/sound track or separate title eng
100 1# - MAIN ENTRY--PERSONAL NAME
Personal name Quinn, David
245 00 - TITLE STATEMENT
Title Focus
Remainder of title public sector
260 ## - PUBLICATION, DISTRIBUTION, ETC.
Date of publication, distribution, etc. 2011
490 ## - SERIES STATEMENT
Series statement Estates Gazette
Volume/sequential designation (1113) 2 April 2011, 69-79(9)
520 ## - SUMMARY, ETC.
Summary, etc. Increasing number of joint ventures between private and public sector and inward investment schemes by local authorities with case studies of current schemes in place. Regional growth funding bids with breakdown of first round applications by region.
590 ## - LOCAL NOTE (RLIN)
Local note KA
651 #4 - SUBJECT ADDED ENTRY--GEOGRAPHIC NAME
Geographic name UNITED KINGDOM
690 ## - LOCAL SUBJECT ADDED ENTRY--TOPICAL TERM (OCLC, RLIN)
Topical term or geographic name as entry element PROPERTY-COMMERCIAL PROPERTY-COMMERCIAL PROPERTY FINANCE AND INVESTMENT
700 1# - ADDED ENTRY--PERSONAL NAME
Personal name Thame, David
700 1# - ADDED ENTRY--PERSONAL NAME
Personal name Whitten, Nick
942 ## - ADDED ENTRY ELEMENTS (KOHA)
Suppress in OPAC 0
Holdings
Withdrawn status Lost status Source of classification or shelving scheme Damaged status Not for loan Home library Current library Shelving location Date acquired Total Checkouts Full call number Barcode Date last seen Copy number Price effective from Koha item type
    Dewey Decimal Classification     London London Journal article 06/04/2011   L152632 152632-1001 06/08/2019 1 06/08/2019 Journal article